Ciudades seguras: la experiencia de Acajutla
Describe la experiencia de la ciudad de Acajutla en la implementación de políticas y acciones para promover la seguridad ciudadana. Se presentan herramientas y estrategias utilizadas a nivel local para abordar los desafíos relacionados con la seguridad, incluyendo la prevención del delito, la partic...
সংরক্ষণ করুন:
| বিন্যাস: | অজ্ঞাত |
|---|---|
| ভাষা: | Spanish |
| প্রকাশিত: |
El Salvador :
PNUD
|
| মালা: | Cuadernos sobre seguridad ciudadana y convivencia municipal
|
| বিষয়গুলি: | |
| ট্যাগগুলো: |
ট্যাগ যুক্ত করুন
কোনো ট্যাগ নেই, প্রথমজন হিসাবে ট্যাগ করুন!
|
MARC
| LEADER | 00000 a2200000 04500 | ||
|---|---|---|---|
| 001 | 44858 | ||
| 003 | cru CIDCACS/IIS | ||
| 005 | 20230906150350.0 | ||
| 008 | 050702s2010 es spa d | ||
| 020 | |a 978-99923-55-38-1 | ||
| 022 | |a 978-99923-55-38-1 | ||
| 040 | |c CRAI | ||
| 090 | |a 02.04.01 P964cd | ||
| 245 | |a Ciudades seguras: |b la experiencia de Acajutla | ||
| 260 | |a El Salvador : |b PNUD | ||
| 300 | |a 76 páginas : |b tablas, gráficos, mapas | ||
| 440 | |a Cuadernos sobre seguridad ciudadana y convivencia municipal | ||
| 520 | |a Describe la experiencia de la ciudad de Acajutla en la implementación de políticas y acciones para promover la seguridad ciudadana. Se presentan herramientas y estrategias utilizadas a nivel local para abordar los desafíos relacionados con la seguridad, incluyendo la prevención del delito, la participación comunitaria y la colaboración entre diferentes actores. El estudio analiza los resultados de estas iniciativas y destaca las lecciones aprendidas que pueden ser aplicables en otros contextos urbanos. El artículo tiene como objetivo proporcionar información y recomendaciones para mejorar la gestión local de la seguridad en las ciudades.RAR 02/2023 | ||
| 650 | 0 | |2 OCDE |9 627 |a DESARROLLO LOCAL | |
| 650 | 0 | |2 OCDE |9 2345 |a SEGURIDAD | |
| 650 | 0 | |2 OCDE |9 3538 |a PREVENCIÓN DEL DELITO | |
| 650 | 0 | |2 OCDE |9 2527 |a PARTICIPACION COMUNITARIA | |
| 650 | 0 | |2 OCDE |9 414 |a CIUDADANIA | |
| 942 | |2 z |c LI |h 02.04.01 P964cd |i 14474 |6 020401_P964CD_14474 | ||
| 999 | |c 6082 |d 6082 | ||



